As Minhas Universidades (Registo nº 198171)

Detalhes MARC
000 -Etiqueta do registo
Valores 00718nam 22002053 4500
100 ## - Dados gerais de processamento
Dados gerais 20250929d u||y0pory50 ba
101 ## - Língua de publicação
Língua Português
200 ## - Titulo e menção de responsabilidade
Título próprio As Minhas Universidades
Primeira menção de responsabilidade Máximo Gorki
Outras menções de responsabilidade Tradução de Serafim Ferreira ; Revisão de Carlos Capela
210 ## - Publicação
Local de publicação Lisboa
Nome do editor Editorial Início
Data de publicação 1971
215 ## - Descrição física 
Paginação / Volumes 416, [16] p.
Outras indicações físicas Brochado
Dimensões 20 cm
225 ## - Colecção 
Título próprio da colecção Obras Completas
300 ## - Notas gerais 
Texto da nota Memórias
606 ## - Nome comum usado como assunto
ID Autoridade 11
Palavra de ordem Literatura Russa
675 ## - CDU
Notação 821.161.1-94/GOR/MIN
Edição PT
Língua por
700 ## - Autor principal (pessoa individual)
Apelido Gorki
Nome Máximo
Datas 1868-1936
-- escritor, romancista, dramaturgo, contista e ativista político russo
ID Autoridade 2857
801 ## - Fonte de origem
País PT
Agência BMMN
Regras de catalogação RPC
830 ## - Notas gerais do catalogador
Criado por Carlos Pinto
Data de criação 29-09-2025
Indexado por Carlos Pinto
990 ## - Elementos KOHA
Tipo de documento Livro
Exemplares
Situação do levantamento Biblioteca de origem Código de barras Cota Permissão de empréstimo Tipo de documento Forma de aquisição
  Escola Secundária de Montemor-o-Novo 26392 821.161.1-94/GOR/MIN   Livro Oferta

Powered by Koha